000 00281nam a2200109Ia 4500
008 200302s9999 xx 000 0 und d
100 _aPatricia Daniels
245 _aUnderstanding Science & Nature Plant Life
260 _bThe Time Inc. Book Co.
260 _c1993
300 _a151 P.,
999 _c1610
_d1610